00609nam a22002057a 450000500170000001000130001702000100003003500130004003700160005304000120006908200130008110000160009424500440011026000480015427000490020230000200025150000510027165000400032265000410036220170124110021.0 aA-408603 c30.00 aA-408603 bCen Lib/Ret aDPLbEN a334bSHA aSharada, V. aTheory of co-operation /cby V. Sharada aBombay bHimalaya {ublishing Company c1986 aDr. bhelaroa marg, girganbNew Delhie400004 a220p.c21cm(Hb) aincludes bibliographical references and index  aEconomic development zRural India  aCooperation & community development